000
00300nam a2200133Ia 4500
008
210312s9999||||xx |||||||||||||| ||und||
041
_a
osm
050
_a
L101
050
_b
M43
245
0
_a
Mecmua-i muallim
260
_c
1309
500
_a
1. sene 3. nüsha
650
_a
Eğitim--Süreli yayınlar
999
_c
22294
_d
22294